Riconosci il Pokémon - Quiz n°163 - Statistics

Statistiche generali
  • Questo quiz è stato fatto 1 volte
  • Il punteggio medio è 3 su 10
Statistiche sulle risposte
Indizio Risposta % Corretto
Tasso di cattura 120 (24.9%)
100%
Tipo Elettro
100%
Generazione Quarta
100%
Altezza 0,9 m
0%
Peso 30,5 kg
0%
Sesso 50% ♂, 50% ♀
0%
Abilità Antagonismo; Prepotenza; Dentistretti
0%
Pokémon Luxio
0%
Tasso di allevamento Medio-Lento
0%
Stadio evoluzione Prima evoluzione
0%
Nessun quiz corrispondente trovato
Distribuzione punteggi
Percentuale di utenti per punteggio
Percentile per numero di risposta
I tuoi punteggi nel tempo
Non hai fatto questo quiz